[Event "Sibiria Region-ch"]
[Site "Novokuznetsk"]
[Date "2008.03.17"]
[Round "5"]
[White "Siuniakov, Igor"]
[Black "Veselyy, Andrey"]
[Result "1-0"]
[WhiteElo "2286"]
[BlackElo "2116"]
[PlyCount "63"]
[EventDate "2008.03.13"]
[EventType "swiss"]
[EventRounds "9"]
[EventCountry "RUS"]
[SourceTitle "CBM 123 Extra"]
[Source "ChessBase"]
[SourceDate "2008.05.06"]
[SourceVersion "1"]
[SourceVersionDate "2008.05.06"]
[SourceQuality "1"]

1. c4 e5 2. Nc3 Nf6 3. g3 d5 4. cxd5 Nxd5 5. Bg2 c6 6. Nf3 Nd7 7. 0-0 Be7 8. d4 Nxc3 9. bxc3 e4 10. Nd2 f5 11. Qb3 Nf6 12. f3 Qd5 13. fxe4 Nxe4 14. Nxe4 fxe4 15. Rf4 Qxb3 16. axb3 Rf8 17. Rxe4 Kd8 18. Rxe7 Kxe7 19. Ba3+ Ke8 20. Bxf8 Kxf8 21. Kf2 Ke7 22. b4 a6 23. e4 Kd6 24. c4 Be6 25. e5+ Ke7 26. d5 cxd5 27. cxd5 Bc8 28. Ke3 Rb8 29. Kd4 b6 30. d6+ Ke8 31. Bd5 Bb7 32. e6 1-0

[Event "Sibiria Region-ch"]
[Site "Novokuznetsk"]
[Date "2008.03.13"]
[Round "1"]
[White "Popov, Roman2222"]
[Black "Veselyy, Andrey"]
[Result "1-0"]
[WhiteElo "2338"]
[BlackElo "2116"]
[PlyCount "47"]
[EventDate "2008.03.13"]
[EventType "swiss"]
[EventRounds "9"]
[EventCountry "RUS"]
[SourceTitle "CBM 123 Extra"]
[Source "ChessBase"]
[SourceDate "2008.05.06"]
[SourceVersion "1"]
[SourceVersionDate "2008.05.06"]
[SourceQuality "1"]

1. c4 e5 2. Nc3 Nf6 3. Nf3 Nc6 4. g3 d5 5. cxd5 Nxd5 6. Bg2 Be6 7. 0-0 Be7 8. d4 exd4 9. Nxd4 Nxd4 10. Qxd4 Nxc3 11. Qxc3 Bf6 12. Qb4 Rb8 13. Be3 b6 14. Rfd1 Qe7 15. Qa4+ Kf8 16. Qxa7 Rd8 17. Rac1 g5 18. Rxd8+ Qxd8 19. Rxc7 Bxb2 20. Qxb6 Be5 21. Qc5+ Bd6 22. Qc3 Rg8 23. Ra7 Bb8 24. Bc5+ 1-0

[Event "Novokuznetsk-ch op"]
[Site "Novokuznetsk"]
[Date "2007.11.24"]
[Round "6"]
[White "Suslikova, Oksana"]
[Black "Veselyy, Andrey"]
[Result "0-1"]
[WhiteElo "2010"]
[BlackElo "2116"]
[PlyCount "94"]
[EventDate "2007.11.24"]
[EventType "swiss"]
[EventRounds "9"]
[EventCountry "RUS"]
[SourceTitle "EXT 2022"]
[Source "ChessBase"]
[SourceDate "2021.10.06"]
[SourceVersion "1"]
[SourceVersionDate "2021.10.06"]
[SourceQuality "1"]

1. d4 d5 2. c4 Nc6 3. Nf3 Bg4 4. Ne5 Nxe5 5. dxe5 dxc4 6. Qa4+ c6 7. Qxc4 Bf5 8. Nc3 e6 9. e4 Bg6 10. Be2 Qa5 11. f4 Bc5 12. a3 Be7 13. 0-0 Qc5+ 14. Kh1 Qxc4 15. Bxc4 b5 16. Be2 f5 17. exf5 Bxf5 18. g4 Bc2 19. Bf3 Rc8 20. Be3 a6 21. Rac1 Bb3 22. f5 Bd8 23. Ne4 Be7 24. Nd2 Bd5 25. fxe6 Bxe6 26. Bxc6+ Rxc6 27. Rcd1 Bxg4 28. Ra1 h5 29. Kg2 Rg6 30. Kh1 Bg5 31. Rae1 Bxe3 32. Rxe3 Ne7 33. h3 Bc8 34. Kh2 Bb7 35. Re2 Rf8 36. Rc1 Rc6 37. Rg1 g6 38. Ne4 Bc8 39. Nf6+ Kf7 40. Rd1 Bf5 41. Rdd2 Rfc8 42. Ne4 Bxe4 43. Rxe4 Rc2 44. Ree2 Rxd2 45. Rxd2 Rc6 46. Kg3 Ke6 47. Re2 g5 0-1

[Event "Novokuznetsk Goriainov Memorial op"]
[Site "Novokuznetsk"]
[Date "2007.08.20"]
[Round "7"]
[White "Veselyy, Andrey"]
[Black "Pereboev, Konstantin Gennadie"]
[Result "0-1"]
[WhiteElo "2100"]
[BlackElo "2205"]
[PlyCount "71"]
[EventDate "2007.08.14"]
[EventType "swiss"]
[EventRounds "9"]
[EventCountry "RUS"]
[SourceTitle "EXT 2009"]
[Source "ChessBase"]
[SourceDate "2008.11.26"]
[SourceVersion "1"]
[SourceVersionDate "2008.11.26"]
[SourceQuality "1"]

1. e4 c5 2. f4 Nc6 3. Nf3 e6 4. Bb5 Nge7 5. 0-0 a6 6. Bxc6 Nxc6 7. Nc3 Be7 8. d3 0-0 9. Qe1 d5 10. e5 b5 11. Qg3 b4 12. Ne2 f5 13. d4 a5 14. Kh1 Ba6 15. Qf2 Bxe2 16. Qxe2 Nxd4 17. Nxd4 cxd4 18. Qd3 Qb6 19. b3 Rfc8 20. Bb2 Bc5 21. Rfd1 a4 22. Rab1 Qa6 23. Qd2 Rc6 24. Rbc1 Rac8 25. Bxd4 Bxd4 26. Qxd4 Rxc2 27. Rxc2 Rxc2 28. Qxb4 Rxa2 29. Qb8+ Kf7 30. Rc1 Rc2 31. Rg1 a3 32. b4 a2 33. b5 Qa3 34. Qb7+ Qe7 35. Qa6 Qc5 36. h4 0-1

[Event "Novokuznetsk Goriainov Memorial op"]
[Site "Novokuznetsk"]
[Date "2007.08.14"]
[Round "1"]
[White "Veselyy, Andrey"]
[Black "Siuniakov, Igor"]
[Result "0-1"]
[WhiteElo "2100"]
[BlackElo "2278"]
[PlyCount "92"]
[EventDate "2007.08.14"]
[EventType "swiss"]
[EventRounds "9"]
[EventCountry "RUS"]
[SourceTitle "EXT 2009"]
[Source "ChessBase"]
[SourceDate "2008.11.26"]
[SourceVersion "1"]
[SourceVersionDate "2008.11.26"]
[SourceQuality "1"]

1. e4 c5 2. f4 e6 3. Nf3 d5 4. e5 Nh6 5. Bb5+ Bd7 6. Bxd7+ Qxd7 7. 0-0 Nc6 8. d3 Be7 9. c3 0-0 10. Kh1 f6 11. d4 Rac8 12. Be3 cxd4 13. cxd4 Na5 14. Nbd2 Nc4 15. Nxc4 dxc4 16. Qe2 b5 17. Rfe1 Nf5 18. Bg1 Bb4 19. Red1 Ne7 20. Nd2 Nd5 21. Qf2 fxe5 22. dxe5 Rxf4 23. Qxa7 Qxa7 24. Bxa7 Ra8 25. Bg1 c3 26. bxc3 Bxc3 27. Rac1 Rxa2 28. Nf3 b4 29. Ng5 Rf5 30. Nxe6 Rxe5 31. Nc5 h5 32. Bd4 Bxd4 33. Rxd4 Rc2 34. Rdd1 Nc3 35. Rxc2 Nxd1 36. h3 Re1+ 37. Kh2 Ne3 38. Rb2 Nd5 39. Rd2 Re5 40. Rd4 Ne7 41. Nb3 Nc6 42. Rc4 Re6 43. Nc5 Re3 44. Na6 Rc3 45. Rh4 b3 46. Rxh5 Nd4 0-1